| 000 | 00891cam a2200277 i 4500 | ||
|---|---|---|---|
| 999 |
_c530141 _d530141 |
||
| 001 | 17429056 | ||
| 005 | 20191010192052.0 | ||
| 008 | 120814s2013 flua b 001 0 eng | ||
| 010 | _a 2012031623 | ||
| 020 | _a9780415599214 (hardback : alk. paper) | ||
| 040 | _cDLC | ||
| 082 | 0 | 0 |
_a624.151363 _bKIR |
| 100 |
_aKirsch, Klaus _913079 |
||
| 245 | 0 | 0 |
_aGround improvement / _cedited by Klaus Kirsch and Alan Bell. |
| 250 | _aThird edition. | ||
| 264 | 1 |
_aBoca Raton : _bCRC Press, Taylor & Francis Group, _c[2013] |
|
| 300 |
_aix, 501 pages : _billustrations ; _c24 cm |
||
| 500 | _a"A Spon Press book"--Cover. | ||
| 504 | _aIncludes bibliographical references and index. | ||
| 650 | 0 |
_aSoil stabilization. _913080 |
|
| 650 | 0 |
_aSoil consolidation. _923494 |
|
| 650 | 0 |
_aGrouting. _923495 |
|
| 700 | 1 |
_aKirsch, Klaus. _913079 |
|
| 700 | 1 |
_aBell, A. L. _923496 |
|
| 942 |
_2ddc _cBK |
||